Statistics for F Vocabulary Words Quiz #2

Click here to take the quiz!

General Stats

  • This quiz has been taken 40,870 times
    (30,560 since last reset)
  • The average score is 13 of 20

Answer Stats

DefinitionWord% Correct
Mushroom, mold, or yeast e.g.Fungus
95%
Crumbly Greek cheeseFeta
92%
Sugar found in fruitFructose
86%
Chemical added to water to protect teethFluoride
86%
DeadlyFatal
79%
To lose by not showing upForfeit
77%
A lie, usually an unimportant oneFib
73%
Type of hat stereotypically worn by reportersFedora
68%
BrotherlyFraternal
66%
A prolonged and bitter quarrelFeud
66%
Improvisational rappingFreestyle
59%
Spokesman of a juryForeman
58%
Chemical used to preserve biological specimensFormaldehyde
57%
Bar across the neck of a guitarFret
57%
To snow as showers are to rainFlurries
54%
Sheep's woolFleece
48%
ChimneyFlue
42%
What linen is made fromFlax
39%
Blacksmith's furnaceForge
38%
SatyrFaun
33%

Score Distribution

Percentile by Number Answered

Percent of People with Each Score

Your Score History

You have not taken this quiz since the last reset